[Event "Fremont Weibel Quads 1"]
[Site "Fremont"]
[Date "2003.06.28"]
[Round "2"]
[White "Lin, Owen"]
[Black "Connick, William"]
[Result "1/2-1/2"]
[WhiteElo "1475"]
[BlackElo "1393"]
[PlyCount "58"]
[EventDate "2003.06.28"]
[EventType "swiss"]
[EventRounds "3"]
[EventCountry "USA"]
[SourceTitle "EXT 2009"]
[Source "ChessBase"]
[SourceDate "2008.11.26"]
[SourceVersion "1"]
[SourceVersionDate "2008.11.26"]
[SourceQuality "1"]

1. e4 e5 2. d4 exd4 3. c3 dxc3 4. Bc4 cxb2 5. Bxb2 d5 6. Bxd5 Nf6 7. Nc3 Bd6 8. Nf3 Nbd7 9. 0-0 0-0 10. Re1 Ne5 11. Nd4 c6 12. Bb3 Qe7 13. f4 Bg4 14. Qd2 Bc5 15. fxe5 Qxe5 16. Na4 Rfe8 17. Nxc5 Qxc5 18. Rac1 Qh5 19. Qf4 Nd7 20. Rc3 Ne5 21. Rg3 Bd7 22. Rg5 Qh6 23. Nf5 Bxf5 24. exf5 Nd3 25. Bxf7+ Kh8 26. Rxe8+ Rxe8 27. Bxe8 Nxf4 28. Bxg7+ Qxg7 29. Rxg7 Kxg7 1/2-1/2